[Event "Politiken Cup 2007"]
[Site "Helsingor"]
[Date "2007.07.29"]
[Round "10.23"]
[White "Gretarsson, Hjorvar Stein"]
[Black "Christensen, Stefan"]
[Result "0-1"]
[WhiteElo "2168"]
[BlackElo "2301"]
[PlyCount "126"]
[EventDate "2007.??.??"]

1. c4 e5 2. Nc3 Nf6 3. Nf3 Nc6 4. g3 d5 5. cxd5 Nxd5 6. d3 Be7 7. Bg2 Be6 8.
O-O O-O 9. a3 a5 10. Bd2 Qd7 11. Rc1 Nxc3 12. Bxc3 f6 13. Nd2 Bd5 14. Nc4 Bxg2
15. Kxg2 a4 16. Qc2 Nd4 17. Bxd4 Qxd4 18. Ne3 c6 19. Qc4+ Qxc4 20. Rxc4 Kf7 21.
Rfc1 Ke6 22. f4 exf4 23. Re4+ Kd7 24. Nf5 Rf7 25. gxf4 Bf8 26. Ne3 b5 27. f5 g6
28. fxg6 hxg6 29. Nc2 f5 30. Rd4+ Ke6 31. Rh4 c5 32. d4 c4 33. e4 fxe4 34.
Rxe4+ Kd6 35. Rce1 Re7 36. Nb4 Rae8 37. Kf3 Rxe4 38. Rxe4 Rxe4 39. Kxe4 Bh6 40.
Na2 Bg7 41. Nc3 Kc6 42. Ne2 b4 43. Nc1 Bh6 44. Na2 b3 45. d5+ Kc7 46. Nc3 Bc1
47. Nxa4 Bxb2 48. d6+ Kd8 49. Kd5 Bxa3 50. Kxc4 b2 51. Nxb2 Bxb2 52. h4 Kd7 53.
h5 g5 54. Kd5 Bg7 55. Ke4 Kxd6 56. Kf5 Bh6 57. Kg6 g4 58. Kxh6 g3 59. Kh7 g2
60. Kh8 g1=Q 61. h6 Qd4+ 62. Kg8 Qg4+ 63. Kh8 Ke7 0-1

[Event "Politiken Cup 2007"]
[Site "Helsingor"]
[Date "2007.07.29"]
[Round "10.25"]
[White "Johansson, Alexander"]
[Black "Van Eijk, Sander"]
[Result "0-1"]
[WhiteElo "2028"]
[BlackElo "2274"]
[PlyCount "72"]
[EventDate "2007.??.??"]

1. d4 Nf6 2. c4 e6 3. g3 c5 4. Nf3 cxd4 5. Nxd4 a6 6. Bg2 Be7 7. O-O O-O 8. Nc3
Qc7 9. Qd3 Nc6 10. Nxc6 dxc6 11. Bg5 h6 12. Bxf6 Bxf6 13. e4 e5 14. Rac1 Rd8
15. Qe3 Be6 16. Nd5 cxd5 17. cxd5 Qd6 18. dxe6 Qxe6 19. Rc7 Rd7 20. Rfc1 Bg5
21. f4 exf4 22. gxf4 Rxc7 23. Rxc7 Qe5 24. Rxb7 Bxf4 25. Qb3 Kh8 26. Rxf7 Qc5+
27. Kf1 Rd8 28. Rf5 Qc1+ 29. Kf2 Bxh2 30. Rd5 Rb8 31. Rd1 Qc5+ 32. Qe3 Bg3+ 33.
Ke2 Rxb2+ 34. Rd2 Qxe3+ 35. Kxe3 Bf4+ 36. Kxf4 Rxd2 0-1

[Event "Politiken Cup 2007"]
[Site "Helsingor"]
[Date "2007.07.29"]
[Round "10.26"]
[White "Sorensen, Torben"]
[Black "Christensen, Bo Garner"]
[Result "1/2-1/2"]
[WhiteElo "2375"]
[BlackElo "2223"]
[PlyCount "167"]
[EventDate "2007.??.??"]

1. Nf3 c5 2. c4 Nc6 3. g3 g6 4. Bg2 Bg7 5. Nc3 e6 6. e3 Nge7 7. d4 cxd4 8. Nxd4
a6 9. O-O O-O 10. Nxc6 bxc6 11. e4 d6 12. Be3 Rb8 13. Qd2 Rb7 14. Rfd1 Rd7 15.
Bh6 Bxh6 16. Qxh6 f5 17. Qh4 Qb6 18. Rd2 Qc5 19. Rad1 Qe5 20. exf5 gxf5 21.
Qg5+ Kh8 22. Ne4 d5 23. f4 Qb8 24. Qh6 Ng6 25. Ng5 Rf6 26. h4 Qb6+ 27. Kh2 Qd8
28. Qh5 Qf8 29. Qe2 Rg7 30. Nf3 Qg8 31. Ne5 Nxe5 32. Qxe5 Rfg6 33. Rd3 h5 34.
Rg1 Kh7 35. Qe2 Kh6 36. Qf2 Bb7 37. c5 a5 38. Bf1 Ba6 39. Rb3 Bxf1 40. Qxf1 a4
41. Re3 Qb8 42. Rg2 Qb4 43. Qc1 Kh7 44. Kh3 Qd4 45. Qe1 Qxc5 46. Rxe6 Rxe6 47.
Qxe6 d4 48. Re2 Qd5 49. Qxd5 cxd5 50. Kg2 Rb7 51. Kf2 Kg7 52. Rc2 Kf7 53. Ke2
Ke7 54. Kd3 Rb4 55. a3 Rb3+ 56. Kxd4 Kd6 57. Rc5 Rxb2 58. Rxd5+ Ke6 59. Re5+
Kf6 60. Ra5 Re2 61. Ra6+ Kg7 62. Kd5 Re3 63. Rxa4 Rxg3 64. Ke5 Rg4 65. Ra7+ Kh6
66. Kxf5 Rxh4 67. Ra6+ Kg7 68. Kg5 Rh1 69. Ra7+ Kf8 70. Kf6 Ke8 71. Re7+ Kf8
72. Rb7 Ke8 73. f5 h4 74. Rb8+ Kd7 75. Kf7 h3 76. Rh8 h2 77. f6 Kc6 78. Rh4 Kd7
79. a4 Kc7 80. a5 Kb7 81. Rh6 Ka6 82. Kf8 Kxa5 83. f7 Kb5 84. Rxh2 1/2-1/2

[Event "Politiken Cup 2007"]
[Site "Helsingor"]
[Date "2007.07.29"]
[Round "10.27"]
[White "Duchene, Rene"]
[Black "Thorhallsson, Throstur"]
[Result "1/2-1/2"]
[WhiteElo "2188"]
[BlackElo "2461"]
[PlyCount "38"]
[EventDate "2007.??.??"]

1. Nf3 d5 2. d4 Nf6 3. c4 dxc4 4. e3 e6 5. Bxc4 c5 6. O-O a6 7. Bd3 Nc6 8. Nc3
cxd4 9. exd4 Be7 10. Bg5 Nb4 11. Bb1 O-O 12. a3 Nbd5 13. Qd3 g6 14. Bh6 Re8 15.
Ne5 Nxc3 16. bxc3 Nd7 17. Ng4 Nf6 18. Ne5 Nd7 19. Ng4 Nf6 1/2-1/2

[Event "Politiken Cup 2007"]
[Site "Helsingor"]
[Date "2007.07.29"]
[Round "10.28"]
[White "Thorfinnsson, Bragi"]
[Black "Wiwe, Andreas"]
[Result "1-0"]
[WhiteElo "2389"]
[BlackElo "2187"]
[PlyCount "79"]
[EventDate "2007.??.??"]

1. d4 f5 2. Nc3 Nf6 3. Bg5 d5 4. Bxf6 exf6 5. e3 Be6 6. Bd3 Qd7 7. h4 h5 8. Qf3
Nc6 9. Nge2 Ne7 10. O-O-O O-O-O 11. Kb1 Kb8 12. Nc1 g6 13. Nb3 Nc8 14. Ne2 Bf7
15. Nf4 Qe8 16. Rc1 Nd6 17. Nxd5 Bxd5 18. Qxd5 Ne4 19. Qa5 Nxf2 20. Rhe1 Bd6
21. Re2 Ne4 22. c4 Bg3 23. c5 c6 24. Rc4 Bc7 25. Qa3 Kc8 26. Rb4 Rh7 27. Qxa7
Bb8 28. Qa8 Rc7 29. Na5 Nxc5 30. dxc5 Rxd3 31. Nxb7 Kd7 32. Nd6 Qe5 33. Qxb8
Qxc5 34. Rd4 Rxd4 35. exd4 Qxd4 36. Qe8+ Kxd6 37. Qf8+ Kd5 38. Qd8+ Kc4 39.
Rc2+ Kd3 40. Rd2+ 1-0

[Event "Politiken Cup 2007"]
[Site "Helsingor"]
[Date "2007.07.29"]
[Round "10.31"]
[White "Kjartansson, Gudmundur"]
[Black "Salama, Omar"]
[Result "1-0"]
[WhiteElo "2306"]
[BlackElo "2173"]
[PlyCount "71"]
[EventDate "2007.??.??"]

1. e4 c5 2. Nf3 Nc6 3. d4 cxd4 4. Nxd4 Nf6 5. Nc3 e5 6. Ndb5 d6 7. Bg5 a6 8.
Na3 b5 9. Bxf6 gxf6 10. Nd5 Bg7 11. c3 Ne7 12. Nxe7 Qxe7 13. Nc2 f5 14. exf5
Bxf5 15. Qf3 Bxc2 16. Qxa8+ Qd8 17. Qc6+ Qd7 18. Qxa6 O-O 19. Qxb5 Qg4 20. Bd3
Ba4 21. Qc4 Qd7 22. Bf5 Qxf5 23. Qxa4 Rb8 24. b3 Rc8 25. O-O e4 26. Rad1 Be5
27. Rfe1 d5 28. Rxd5 Bxh2+ 29. Kxh2 Qxd5 30. Rxe4 Qh5+ 31. Rh4 Qe5+ 32. Qf4
Qxc3 33. Rg4+ Kh8 34. Qxf7 Qc7+ 35. Qxc7 Rxc7 36. a4 1-0

[Event "Politiken Cup 2007"]
[Site "Helsingor"]
[Date "2007.07.29"]
[Round "10.32"]
[White "Leszczynski, Krzysztof"]
[Black "Holm, Sejer"]
[Result "1-0"]
[WhiteElo "2180"]
[BlackElo "2262"]
[PlyCount "73"]
[EventDate "2007.??.??"]

1. d4 Nf6 2. c4 c5 3. d5 e6 4. Nc3 exd5 5. cxd5 d6 6. e4 g6 7. Nf3 Bg7 8. h3
O-O 9. Bd3 Na6 10. O-O Nc7 11. Bf4 b6 12. Re1 Bb7 13. Qc2 Rc8 14. Bc4 Nfe8 15.
Rad1 f6 16. Qd3 Kh8 17. g4 a6 18. a4 Qd7 19. Bg3 Rb8 20. g5 Qxh3 21. gxf6 Bxf6
22. e5 dxe5 23. Rxe5 Rd8 24. Ng5 Qd7 25. Qe2 Ng7 26. Nce4 Nf5 27. Nxf6 Rxf6 28.
Ne4 Rff8 29. d6 Nxg3 30. fxg3 Rfe8 31. Nf6 Rxe5 32. Qxe5 Qg7 33. Re1 Na8 34.
Qe8+ Qf8 35. Qxf8+ Rxf8 36. d7 Nc7 37. Ne8 1-0

[Event "Politiken Cup 2007"]
[Site "Helsingor"]
[Date "2007.07.29"]
[Round "10.36"]
[White "Kovachev, Daniel Jakobsen"]
[Black "Molvig, Henrik"]
[Result "1-0"]
[WhiteElo "2153"]
[BlackElo "2215"]
[PlyCount "115"]
[EventDate "2007.??.??"]

1. e4 c5 2. Nf3 d6 3. d4 cxd4 4. Nxd4 Nf6 5. Nc3 a6 6. Bg5 e6 7. f4 Nbd7 8. Qf3
Qc7 9. O-O-O b5 10. Bd3 Bb7 11. g4 b4 12. Nce2 d5 13. e5 Ne4 14. Bxe4 dxe4 15.
Qh3 Rc8 16. Kb1 Bd5 17. Rhe1 Nb6 18. f5 Nc4 19. fxe6 fxe6 20. Rf1 Nxe5 21. Nf4
Qa5 22. Nb3 Qb5 23. Nxd5 exd5 24. Rf5 Bd6 25. Bf4 Qe2 26. Rc1 Nc4 27. Bxd6 Nxd6
28. Rxd5 Nf7 29. Rd2 Qb5 30. Qe3 O-O 31. Qxe4 Rfd8 32. Rf2 Re8 33. Qf4 Qc4 34.
Rcf1 Qxf4 35. Rxf4 Ng5 36. Rxb4 Re2 37. h4 Ne6 38. c3 Rd8 39. Rb6 a5 40. Nxa5
Nc5 41. Nc6 Rde8 42. Nd4 Rg2 43. g5 Ne4 44. Ka1 Nd2 45. Rd1 Nc4 46. Rb4 Rd2 47.
Rc1 Ne5 48. Nb3 Re2 49. Rd4 Nf3 50. Rf4 Ne1 51. Nd4 Rh2 52. Rf1 Nd3 53. Rc2
Rxh4 54. a3 Rg4 55. Rd2 Nc5 56. Rf5 Rg1+ 57. Ka2 Rc8 58. Nc6 1-0

[Event "Politiken Cup 2007"]
[Site "Helsingor"]
[Date "2007.07.29"]
[Round "10.37"]
[White "Ringoir, Tanguy"]
[Black "Peschardt, Soren"]
[Result "1/2-1/2"]
[WhiteElo "2208"]
[BlackElo "2137"]
[PlyCount "49"]
[EventDate "2007.??.??"]

1. e4 c5 2. Nc3 Nc6 3. f4 e6 4. Nf3 g6 5. Bb5 Nge7 6. e5 d5 7. exd6 Qxd6 8. Ne4
Qc7 9. Nf6+ Kd8 10. Ng5 Nf5 11. Bxc6 bxc6 12. d3 Bg7 13. Nfe4 h6 14. Nf3 Ke7
15. O-O Ba6 16. c4 Nd4 17. Nxd4 Bxd4+ 18. Kh1 f5 19. Nd2 g5 20. Nf3 g4 21. Nxd4
cxd4 22. Re1 h5 23. Re5 h4 24. Qe1 h3 25. Qb4+ 1/2-1/2

[Event "Politiken Cup 2007"]
[Site "Helsingor"]
[Date "2007.07.29"]
[Round "10.38"]
[White "Hirneise, Lothar"]
[Black "Jacobsen, Per"]
[Result "1-0"]
[WhiteElo "1450"]
[BlackElo "1730"]
[PlyCount "47"]
[EventDate "2007.??.??"]

1. d4 Nf6 2. c4 e5 3. dxe5 Ne4 4. Qc2 d5 5. Nf3 Bf5 6. Qd1 Bb4+ 7. Bd2 Bxd2+ 8.
Nbxd2 Nc5 9. Nb3 c6 10. Nxc5 Qa5+ 11. Qd2 Qxc5 12. cxd5 cxd5 13. Rc1 Qb6 14. b3
Be6 15. e3 O-O 16. Be2 Nc6 17. O-O Rad8 18. Qb2 Rfe8 19. Rfd1 Bg4 20. h3 Bxf3
21. Bxf3 Rxe5 22. Rxc6 Qxc6 23. Qxe5 Qc2 24. Rxd5 1-0

[Event "Politiken Cup 2007"]
[Site "Helsingor"]
[Date "2007.07.29"]
[Round "10.39"]
[White "Thorhallsson, Gylfi"]
[Black "Svanholm, Børge Waaktaar"]
[Result "1-0"]
[WhiteElo "2195"]
[BlackElo "1977"]
[PlyCount "53"]
[EventDate "2007.??.??"]

1. e4 c5 2. Nf3 d6 3. d4 cxd4 4. Nxd4 Nf6 5. Nc3 a6 6. Be2 e5 7. Nb3 Be7 8. O-O
O-O 9. f4 exf4 10. Bxf4 Nc6 11. Qe1 Qc7 12. Rd1 Ne5 13. Qg3 Kh8 14. Bg5 Be6 15.
Nd4 b5 16. Nf5 Bxf5 17. Rxf5 Ned7 18. a3 Rab8 19. Qh4 b4 20. axb4 Rxb4 21. Rd3
Qb6+ 22. Kh1 Rxb2 23. Rh3 Rxc2 24. Bxf6 Rc1+ 25. Nd1 Nxf6 26. Rxf6 h6 27. Rxh6+
1-0

[Event "Politiken Cup 2007"]
[Site "Helsingor"]
[Date "2007.07.29"]
[Round "10.41"]
[White "Nithander, Victor"]
[Black "Vos, Chris"]
[Result "1-0"]
[WhiteElo "2357"]
[BlackElo "2071"]
[PlyCount "41"]
[EventDate "2007.??.??"]

1. e4 e6 2. d4 d5 3. Nd2 Nf6 4. e5 Nfd7 5. f4 c5 6. c3 Nc6 7. Ndf3 Be7 8. Bd3
Qb6 9. Ne2 O-O 10. O-O f6 11. Kh1 a5 12. g4 cxd4 13. cxd4 Nb4 14. Bb1 Qc6 15.
a3 Na6 16. Qd3 f5 17. Bd2 Nab8 18. Rc1 Qb6 19. gxf5 exf5 20. Nc3 Qe6 21. Nxd5
1-0

[Event "Politiken Cup 2007"]
[Site "Helsingor"]
[Date "2007.07.29"]
[Round "10.42"]
[White "Nielsen, Carsten Juul"]
[Black "Mikkelsen, Nikolaj"]
[Result "1/2-1/2"]
[WhiteElo "2115"]
[BlackElo "2303"]
[PlyCount "58"]
[EventDate "2007.??.??"]

1. d4 g6 2. c4 Bg7 3. Nc3 d6 4. e4 e5 5. Be3 Nc6 6. d5 Nd4 7. Qd2 Ne7 8. f4 c5
9. Bd3 f5 10. Nf3 fxe4 11. Bxe4 Bg4 12. fxe5 Bxf3 13. gxf3 Bxe5 14. Bf4 Bg7 15.
Bg5 Qd7 16. Qg2 O-O-O 17. O-O-O Rde8 18. Rde1 Kb8 19. Bd3 Rhf8 20. Qg4 Qc7 21.
Rhf1 Nc8 22. Re4 Re5 23. Rxe5 Bxe5 24. f4 Bh8 25. Re1 Qa5 26. Kb1 Nf5 27. Bxf5
Bxc3 28. Bxc8 Qb6 29. Re2 Rxc8 1/2-1/2

[Event "Politiken Cup 2007"]
[Site "Helsingor"]
[Date "2007.07.29"]
[Round "10.43"]
[White "Hvenekilde, Jorgen"]
[Black "Nielsen, Jacob Woge"]
[Result "1/2-1/2"]
[WhiteElo "2239"]
[BlackElo "2111"]
[PlyCount "23"]
[EventDate "2007.??.??"]

1. d4 Nf6 2. c4 e6 3. Nc3 Bb4 4. e3 c5 5. Nge2 cxd4 6. exd4 d5 7. a3 Bxc3+ 8.
Nxc3 dxc4 9. Bxc4 Nc6 10. Be3 O-O 11. O-O b6 12. Re1 1/2-1/2

[Event "Politiken Cup 2007"]
[Site "Helsingor"]
[Date "2007.07.29"]
[Round "10.44"]
[White "Roelvaag, Mikael"]
[Black "Pedersen, Dimon Paul"]
[Result "1-0"]
[WhiteElo "2245"]
[BlackElo "2092"]
[PlyCount "55"]
[EventDate "2007.??.??"]

1. d4 Nf6 2. Nf3 g6 3. c4 Bg7 4. Nc3 d5 5. Bg5 Ne4 6. Bh4 Nxc3 7. bxc3 c5 8.
cxd5 Qxd5 9. e3 cxd4 10. cxd4 Nc6 11. Be2 O-O 12. O-O e5 13. dxe5 Qxd1 14.
Rfxd1 Nxe5 15. Nd4 Bd7 16. Rab1 b6 17. Ba6 Ba4 18. Rdc1 Nd7 19. Bb7 Rab8 20.
Bd5 Bf6 21. Bg3 Be5 22. Bxe5 Nxe5 23. Rc7 a5 24. Bb7 Nd7 25. h3 Rfe8 26. Bc6
Bxc6 27. Nxc6 Rbc8 28. Rxc8 1-0

[Event "Politiken Cup 2007"]
[Site "Helsingor"]
[Date "2007.07.29"]
[Round "10.45"]
[White "Hanssen, Gunnar Berg"]
[Black "Roder, Peter"]
[Result "0-1"]
[WhiteElo "2242"]
[BlackElo "2080"]
[PlyCount "92"]
[EventDate "2007.??.??"]

1. Nf3 d5 2. d4 Nf6 3. c4 c6 4. Nc3 g6 5. cxd5 Nxd5 6. e4 Nxc3 7. bxc3 Bg7 8.
Rb1 O-O 9. Be2 Qa5 10. Qc2 Nd7 11. O-O e5 12. Bd2 Qc7 13. a4 c5 14. d5 Nf6 15.
c4 Ne8 16. Bc3 f6 17. Nd2 Bh6 18. Rfe1 Nd6 19. Bd3 b6 20. g3 Bh3 21. a5 bxa5
22. Nb3 Rae8 23. Bxa5 Qc8 24. Nxc5 Qxc5 25. Bb4 Qc7 26. c5 Nf7 27. Bc4 Rb8 28.
d6 Qd8 29. Ba3 Qa5 30. Qd3 Bd2 31. Red1 Rxb1 32. Rxb1 Bc3 33. Bc1 Bd4 34. Bh6
Qxc5 35. Bxf8 Kxf8 36. Rb8+ Kg7 37. Rb7 Bxf2+ 38. Kh1 Qa5 39. Rxf7+ Kh6 40. Qd1
Qc3 41. Be2 f5 42. d7 Bb6 43. exf5 Bxf5 44. Kg2 Qe3 45. Qf1 Qd2 46. h4 Qd5+ 0-1

[Event "Politiken Cup 2007"]
[Site "Helsingor"]
[Date "2007.07.29"]
[Round "10.48"]
[White "Christensen, Svend Ellegaard"]
[Black "Strand, Kjetil"]
[Result "1-0"]
[WhiteElo "2199"]
[BlackElo "2081"]
[PlyCount "67"]
[EventDate "2007.??.??"]

1. d4 d5 2. Nf3 Nf6 3. Bf4 c5 4. e3 Nc6 5. c3 Qb6 6. Qc2 Bg4 7. Nbd2 e6 8. Ne5
Nxe5 9. Bxe5 Bf5 10. Qa4+ Nd7 11. Bb5 O-O-O 12. Bxd7+ Rxd7 13. O-O f6 14. Bg3
Bd6 15. dxc5 Bxc5 16. b4 Be7 17. Rfc1 e5 18. c4 Kb8 19. c5 Qd8 20. Nb3 Rc7 21.
b5 Bd7 22. f4 a6 23. fxe5 Bxb5 24. Qb4 Ka8 25. exf6 Bxf6 26. Bxc7 Qxc7 27. Nd4
Bc4 28. c6 b6 29. Rab1 Ka7 30. Qa4 Qe5 31. Rxc4 Re8 32. Nb5+ Kb8 33. c7+ Kb7
34. Nd6+ 1-0

[Event "Politiken Cup 2007"]
[Site "Helsingor"]
[Date "2007.07.29"]
[Round "10.49"]
[White "Lubbers, Johan"]
[Black "Blomstrom, Lars"]
[Result "0-1"]
[WhiteElo "2077"]
[BlackElo "2197"]
[PlyCount "60"]
[EventDate "2007.??.??"]

1. d4 Nf6 2. c4 g6 3. Nc3 Bg7 4. e4 d6 5. f4 O-O 6. Nf3 c5 7. d5 e6 8. Be2 exd5
9. cxd5 Re8 10. e5 dxe5 11. fxe5 Ng4 12. Bg5 Qb6 13. O-O Nxe5 14. d6 Qxb2 15.
Nd5 Bf5 16. Ne7+ Rxe7 17. dxe7 Nbc6 18. Rc1 Re8 19. Kh1 h6 20. Bh4 Ng4 21. Qb3
Qxe2 22. Qxb7 Qe4 23. Rfe1 Ne3 24. Bf2 Rxe7 25. Qb3 Ng4 26. Bxc5 Qf4 27. g3
Rxe1+ 28. Rxe1 Qc7 29. h3 Nge5 30. Nxe5 Nxe5 0-1

[Event "Politiken Cup 2007"]
[Site "Helsingor"]
[Date "2007.07.29"]
[Round "10.50"]
[White "Andersen, Mads"]
[Black "Zelbel, Patrick"]
[Result "1/2-1/2"]
[WhiteElo "2070"]
[BlackElo "2193"]
[PlyCount "159"]
[EventDate "2007.??.??"]

1. e4 c5 2. Nf3 d6 3. d4 cxd4 4. Nxd4 Nf6 5. Nc3 Bd7 6. f3 e5 7. Nb3 Be7 8. Be3
Bc6 9. Qd2 a5 10. a4 Na6 11. Nd5 Bxd5 12. exd5 O-O 13. c3 Nd7 14. Bb5 Nab8 15.
O-O f5 16. c4 Qc7 17. Rfd1 b6 18. Qd3 Nc5 19. Bxc5 bxc5 20. Nd2 Na6 21. Bxa6
Rxa6 22. Nb1 Rb6 23. Rd2 Qb7 24. Ra2 Bg5 25. Rc2 Qf7 26. Nc3 Qh5 27. Ne2 Qh6
28. Ra3 g6 29. h3 Rfb8 30. Qc3 Rb4 31. Kh2 Qg7 32. b3 Qh6 33. g3 Be3 34. Kg2 f4
35. gxf4 Bxf4 36. Nxf4 Qxf4 37. Re2 Qg5+ 38. Kh2 Qf5 39. Re4 Rf8 40. Kg2 Rfb8
41. Qe3 Rf8 42. Ra2 Qf7 43. Ra3 Qb7 44. Qc3 Rb8 45. Re3 Qg7 46. Re4 Qh6 47. Kg3
Rf8 48. Rh4 Qg5+ 49. Rg4 Qf5 50. Re4 g5 51. Ra2 Rf6 52. Rg2 Rb7 53. Kh2 Qxf3
54. Rxg5+ Kf7 55. Qxf3 Rxf3 56. Rh4 Rfxb3 57. Rgh5 Kg8 58. Rh6 R3b6 59. Re6 Rg7
60. Rg4 Rxg4 61. hxg4 Rb4 62. Rxd6 Rxc4 63. Re6 Rxg4 64. d6 Kf7 65. Rxe5 Rxa4
66. d7 Rd4 67. Rxc5 a4 68. Ra5 Ke7 69. Ra7 h5 70. Kg2 Kd8 71. Kh2 Ke7 72. Kg2
Kf6 73. d8=Q+ Rxd8 74. Rxa4 Rd5 75. Kh3 Kg5 76. Kg3 h4+ 77. Kh3 Rd3+ 78. Kh2 h3
79. Ra5+ Kg4 80. Ra4+ 1/2-1/2

[Event "Politiken Cup 2007"]
[Site "Helsingor"]
[Date "2007.07.29"]
[Round "10.51"]
[White "Laursen, Niels Norskov"]
[Black "Orndahl, Markus"]
[Result "1-0"]
[WhiteElo "2186"]
[BlackElo "2078"]
[PlyCount "105"]
[EventDate "2007.??.??"]

1. e4 c5 2. Nf3 d6 3. d4 cxd4 4. Nxd4 Nf6 5. Nc3 g6 6. Be3 Bg7 7. f3 a6 8. g4
Nbd7 9. Qd2 b5 10. g5 Nh5 11. Nc6 Qc7 12. Nb4 Bb7 13. Bd4 Ne5 14. Be2 Rc8 15.
O-O-O Nc4 16. Nbd5 Nxd2 17. Nxc7+ Rxc7 18. Rxd2 Bxd4 19. Rxd4 Nf4 20. Rd2 h6
21. gxh6 Rxh6 22. Rhd1 Kf8 23. Bf1 g5 24. a3 Kg7 25. Kb1 Kf6 26. Re1 Rc8 27.
Nd1 Rch8 28. Ne3 Bc8 29. h3 Be6 30. a4 bxa4 31. Rd4 Nxh3 32. Rxa4 Nf4 33. Rxa6
Rh1 34. b3 Kg7 35. Kb2 R8h2 36. Rea1 Rf2 37. b4 Rxf3 38. R6a3 Rf2 39. b5 Rh8
40. Ra8 Bd7 41. Rxh8 Kxh8 42. Ra7 Bxb5 43. Bxb5 Ng6 44. Nf5 e6 45. Nxd6 Ne5 46.
Kc3 g4 47. Kd4 Nf3+ 48. Ke3 g3 49. Nxf7+ Kg8 50. Nh6+ Kh8 51. Ng4 g2 52. Nf6
Ng5 53. Kxf2 1-0

[Event "Politiken Cup 2007"]
[Site "Helsingor"]
[Date "2007.07.29"]
[Round "10.54"]
[White "Valla, Martin"]
[Black "Brondum, Eric"]
[Result "1/2-1/2"]
[WhiteElo "2033"]
[BlackElo "2169"]
[PlyCount "22"]
[EventDate "2007.??.??"]

1. d4 Nf6 2. c4 g6 3. Nc3 Bg7 4. e4 d6 5. Nf3 O-O 6. Be2 e5 7. O-O Nc6 8. d5
Ne7 9. Bg5 Nh5 10. Ne1 Nf4 11. Nd3 Nxe2+ 1/2-1/2

[Event "Politiken Cup 2007"]
[Site "Helsingor"]
[Date "2007.07.29"]
[Round "10.55"]
[White "Petersen, Steen"]
[Black "Jorgensen, Kasper Moller"]
[Result "1-0"]
[WhiteElo "2165"]
[BlackElo "1954"]
[PlyCount "83"]
[EventDate "2007.??.??"]

1. e4 e6 2. d3 d5 3. Nd2 Nf6 4. Ngf3 Be7 5. g3 dxe4 6. dxe4 Nc6 7. Bg2 e5 8.
O-O Be6 9. Qe2 Bc5 10. c3 a6 11. Nc4 Bxc4 12. Qxc4 Qe7 13. b4 Ba7 14. a4 O-O
15. Ba3 Rfe8 16. Bh3 Rab8 17. Qe2 b5 18. Rad1 Na5 19. Nd2 c6 20. Ra1 Nb7 21.
axb5 axb5 22. Bb2 Nd6 23. Kg2 c5 24. Ra6 c4 25. Rfa1 Bb6 26. Bc1 Qb7 27. f3 Ra8
28. Rxa8 Rxa8 29. Rxa8+ Qxa8 30. Nf1 Ndxe4 31. fxe4 Nxe4 32. Qf3 Qa2+ 33. Kh1
Nf2+ 34. Kg2 e4 35. Qf4 Nd3+ 36. Qd2 Qa8 37. Ne3 g6 38. Kf1 f5 39. Nxf5 gxf5
40. Qg5+ Kh8 41. Qf6+ Kg8 42. Bxf5 1-0

[Event "Politiken Cup 2007"]
[Site "Helsingor"]
[Date "2007.07.29"]
[Round "10.56"]
[White "Arvola, Benjamin"]
[Black "Andersen, Ib Hother"]
[Result "1/2-1/2"]
[WhiteElo "2022"]
[BlackElo "2162"]
[PlyCount "100"]
[EventDate "2007.??.??"]

1. e4 e6 2. d4 d5 3. e5 c5 4. c3 Nc6 5. Nf3 Qb6 6. Bd3 Bd7 7. dxc5 Bxc5 8. b4
Be7 9. O-O Nh6 10. Be3 Qc7 11. Nbd2 Ng4 12. Bf4 Ncxe5 13. Nd4 Qb6 14. Be2 Ng6
15. Bg3 Nf6 16. a4 O-O 17. a5 Qd8 18. a6 b6 19. Bd3 Rc8 20. Rc1 e5 21. Nb5 e4
22. Be2 Bxb5 23. Bxb5 Bd6 24. Bxd6 Qxd6 25. Nc4 Qb8 26. Ne3 Qe5 27. Qd4 Qxd4
28. cxd4 Ne7 29. g4 Rfd8 30. g5 Ne8 31. Rxc8 Rxc8 32. Bxe8 Rxe8 33. Rc1 Ra8 34.
Rc7 Kf8 35. Nd1 Ke8 36. Nc3 Rc8 37. Nxd5 Rxc7 38. Nxc7+ Kd7 39. Nb5 Nc6 40. Kf1
Nxb4 41. Ke2 Nxa6 42. Nxa7 f5 43. gxf6 gxf6 44. Ke3 f5 45. d5 Nc5 46. Kd4 Nb7
47. Ke5 Nd6 48. h4 b5 49. Nc6 h6 50. Nb4 Ke7 1/2-1/2

[Event "Politiken Cup 2007"]
[Site "Helsingor"]
[Date "2007.07.29"]
[Round "10.57"]
[White "Kaaber, Jacob"]
[Black "Akdag, Dara"]
[Result "1/2-1/2"]
[WhiteElo "2162"]
[BlackElo "2053"]
[PlyCount "47"]
[EventDate "2007.??.??"]

1. e4 c6 2. d4 d5 3. Nc3 dxe4 4. Nxe4 Bf5 5. Ng3 Bg6 6. h4 h6 7. Nf3 Nd7 8. h5
Bh7 9. Bd3 Bxd3 10. Qxd3 Qc7 11. Bd2 Ngf6 12. O-O-O e6 13. Ne4 Nxe4 14. Qxe4
Nf6 15. Qe2 Bd6 16. g3 O-O-O 17. c4 c5 18. Kb1 cxd4 19. Nxd4 a6 20. Bc3 Bc5 21.
Nb3 Qb6 22. Bxf6 gxf6 23. Nxc5 Qxc5 24. Rxd8+ 1/2-1/2

[Event "Politiken Cup 2007"]
[Site "Helsingor"]
[Date "2007.07.29"]
[Round "10.58"]
[White "Motzkus, Mikkel"]
[Black "Corke, Anya"]
[Result "0-1"]
[WhiteElo "1839"]
[BlackElo "2149"]
[PlyCount "84"]
[EventDate "2007.??.??"]

1. d4 Nf6 2. Nf3 d5 3. c4 c6 4. Nc3 dxc4 5. a4 Bf5 6. e3 e6 7. Bxc4 Bb4 8. O-O
O-O 9. Bd3 Bxd3 10. Qxd3 Nbd7 11. Ne4 Nxe4 12. Qxe4 Nf6 13. Qc2 Qd5 14. Bd2 Bd6
15. Rfe1 Ne4 16. a5 a6 17. Bc3 Rad8 18. Nd2 Nxd2 19. Qxd2 f5 20. f4 Rf6 21. Bb4
h6 22. Bxd6 Qxd6 23. Qc2 g5 24. Rf1 Qb4 25. Ra3 Rg6 26. g3 Rd7 27. Qg2 Qd6 28.
Qc2 Rdg7 29. Raa1 h5 30. Qc5 Qxc5 31. dxc5 h4 32. fxg5 Rxg5 33. Kg2 hxg3 34. h3
f4 35. Rxf4 Rxc5 36. b4 Rc2+ 37. Kg1 Rh2 38. h4 Re2 39. Re4 g2 40. Rd1 Rg3 41.
Rxe6 Kf7 42. Re4 Rh3 0-1

[Event "Politiken Cup 2007"]
[Site "Helsingor"]
[Date "2007.07.29"]
[Round "10.60"]
[White "Søndergaard, Thomas"]
[Black "Holst, Conny"]
[Result "0-1"]
[WhiteElo "1778"]
[BlackElo "2139"]
[PlyCount "80"]
[EventDate "2007.??.??"]

1. e4 c5 2. Nc3 Nc6 3. f4 e6 4. Nf3 d5 5. d3 b5 6. Bd2 b4 7. Ne2 Be7 8. g3 dxe4
9. dxe4 Nf6 10. Bg2 Bb7 11. e5 Nd5 12. O-O Qb6 13. c4 bxc3 14. Nxc3 c4+ 15. Kh1
Ndb4 16. Na4 Qc7 17. b3 cxb3 18. Qxb3 Rd8 19. Bxb4 Nxb4 20. Rac1 Qd7 21. Nc5
Bxc5 22. Rxc5 Nd3 23. Rc3 Ba8 24. h3 O-O 25. Kh2 Be4 26. Rd1 Qd5 27. Qa3 Qb5
28. Nd4 Rxd4 29. Bxe4 Nxf4 30. Rxd4 Qe2+ 31. Kh1 Qe1+ 32. Kh2 Qf2+ 33. Kh1 Qxd4
34. Bf3 Nxh3 35. Kg2 Ng5 36. Rd3 Qxe5 37. Qe7 Nxf3 38. Rd8 Qe2+ 39. Kh3 Qh2+
40. Kg4 Ne5+ 0-1

[Event "Politiken Cup 2007"]
[Site "Helsingor"]
[Date "2007.07.29"]
[Round "10.61"]
[White "Larsen, Tor Ketil"]
[Black "Rasmussen, Uffe"]
[Result "1-0"]
[WhiteElo "1694"]
[BlackElo "2136"]
[PlyCount "79"]
[EventDate "2007.??.??"]

1. e4 e6 2. d4 d5 3. Nc3 Nf6 4. Bg5 Bb4 5. e5 h6 6. Be3 Ne4 7. Qg4 Kf8 8. Nge2
c5 9. f3 Nxc3 10. bxc3 cxd4 11. Bxd4 Ba5 12. Bc5+ Kg8 13. Bb4 Nc6 14. Bd6 Qg5
15. Rd1 Qxg4 16. fxg4 h5 17. g5 h4 18. Rd3 Rh5 19. g6 fxg6 20. Nf4 Nxe5 21. Re3
Ng4 22. Rf3 Rf5 23. Bd3 Ne5 24. Bxe5 Rxe5+ 25. Kd2 Rf5 26. Bxf5 gxf5 27. g3 g5
28. Ne2 g4 29. Re3 Bb6 30. Nd4 Kf7 31. Rhe1 Kf6 32. R3e2 hxg3 33. hxg3 Bc7 34.
Rg2 Bd7 35. Rh1 e5 36. Rh6+ Kg7 37. Rgh2 exd4 38. Rh7+ Kf6 39. R7h6+ Ke5 40.
Re2# 1-0

[Event "Politiken Cup 2007"]
[Site "Helsingor"]
[Date "2007.07.29"]
[Round "10.62"]
[White "Andersen, Daniel"]
[Black "Sylvan, Jacob"]
[Result "1/2-1/2"]
[WhiteElo "1997"]
[BlackElo "2281"]
[PlyCount "61"]
[EventDate "2007.??.??"]

1. c4 e5 2. g3 Nc6 3. Bg2 g6 4. Nc3 Bg7 5. e4 d6 6. Nge2 Nge7 7. d3 O-O 8. Be3
Be6 9. Qd2 Nd4 10. Nd5 c6 11. Nxe7+ Qxe7 12. O-O f5 13. Nxd4 exd4 14. Bg5 Qd7
15. exf5 Rxf5 16. Rae1 Rf7 17. Re2 Bf5 18. Rfe1 Raf8 19. Re7 Qc8 20. f3 Bh3 21.
Bh1 Bd7 22. Bf4 Rxe7 23. Rxe7 Re8 24. Bxd6 Rxe7 25. Bxe7 Qe8 26. Bg5 h6 27. Bf4
g5 28. Bd6 Bf5 29. g4 Qg6 30. gxf5 Qxd6 31. Qe2 1/2-1/2

[Event "Politiken Cup 2007"]
[Site "Helsingor"]
[Date "2007.07.29"]
[Round "10.63"]
[White "Goes, Dirk"]
[Black "Nielsen, Lars Aaes"]
[Result "1/2-1/2"]
[WhiteElo "1987"]
[BlackElo "2242"]
[PlyCount "51"]
[EventDate "2007.??.??"]

1. d4 b6 2. e4 e6 3. g3 d5 4. Bg2 Bb7 5. exd5 Bxd5 6. Nf3 Nf6 7. O-O Bd6 8. b3
O-O 9. c4 Bb7 10. Nc3 Nbd7 11. Bb2 e5 12. Nxe5 Bxg2 13. Kxg2 Nxe5 14. dxe5 Bxe5
15. Qc2 Qd7 16. Rfe1 Rfe8 17. Qd1 Bd4 18. Qf3 Rad8 19. h3 h6 20. Rad1 Rxe1 21.
Rxe1 c5 22. Bc1 Bxc3 23. Qxc3 Re8 24. Rxe8+ Qxe8 25. Qc2 Ne4 26. f3 1/2-1/2